新幹線の駅 - Statistics

General Stats
  • This quiz has been taken 274 times
  • The average score is 79 of 118
Answer Stats
Answer % Correct
東京
93%
品川
90%
新横浜
90%
名古屋
90%
京都
90%
新大阪
90%
浜松
89%
岡山
89%
静岡
88%
新神戸
88%
広島
87%
博多
87%
大宮
87%
小田原
86%
熱海
86%
米原
85%
三島
84%
豊橋
84%
三河安城
84%
盛岡
84%
新青森
84%
秋田
84%
上野
83%
仙台
83%
新函館北斗
82%
山形
82%
掛川
81%
岐阜羽島
81%
鹿児島中央
81%
金沢
81%
姫路
80%
熊本
80%
長崎
80%
宇都宮
80%
高崎
80%
新潟
80%
新富士
79%
新下関
79%
小倉
79%
福島
79%
長野
79%
新山口
78%
八戸
78%
郡山
75%
富山
75%
敦賀
75%
西明石
74%
新倉敷
72%
福山
72%
那須塩原
72%
軽井沢
71%
福井
71%
東広島
70%
新庄
70%
越後湯沢
70%
久留米
69%
熊谷
69%
新岩国
68%
新尾道
67%
小山
67%
二戸
67%
奥津軽いまべつ
67%
相生
66%
新鳥栖
66%
武雄温泉
66%
木古内
66%
川内
65%
本庄早稲田
64%
長岡
64%
燕三条
64%
新八代
63%
上越妙高
63%
新白河
62%
新花巻
62%
七戸十和田
62%
厚狭
61%
くりこま高原
61%
上田
59%
徳山
58%
嬉野温泉
58%
白石蔵王
58%
大曲
58%
黒部宇奈月温泉
58%
三原
57%
諫早
57%
糸魚川
57%
新水俣
56%
いわて沼宮内
56%
小松
56%
一ノ関
55%
さくらんぼ東根
55%
新高岡
55%
安中榛名
54%
水沢江刺
53%
田沢湖
52%
佐久平
52%
越前たけふ
51%
筑後船小屋
50%
新大牟田
50%
新玉名
50%
新大村
50%
北上
50%
米沢
50%
雫石
50%
古川
49%
出水
47%
上毛高原
46%
飯山
46%
天童
44%
加賀温泉
44%
芦原温泉
44%
角館
42%
浦佐
42%
かみのやま温泉
36%
大石田
34%
赤湯
33%
高畠
29%
村山
29%
No matching quizzes found
Score Distribution
Percent of People with Each Score
Percentile by Number Answered
Your Score History
You have not taken this quiz